[Event "Moscow op-B"]
[Site "Moscow"]
[Date "2009.02.05"]
[Round "6"]
[White "Dubonosov, Evgenij"]
[Black "Bolshakov, Dmitry"]
[Result "1/2-1/2"]
[WhiteElo "2082"]
[BlackElo "2217"]
[PlyCount "49"]
[EventDate "2009.01.31"]
[EventType "swiss"]
[EventRounds "9"]
[EventCountry "RUS"]
[SourceTitle "EXT 2012"]
[Source "ChessBase"]
[SourceDate "2011.11.24"]
[SourceVersion "1"]
[SourceVersionDate "2011.11.24"]
[SourceQuality "1"]

1. d4 d5 2. c4 c6 3. Nf3 Nf6 4. Nc3 e6 5. e3 Nbd7 6. Bd3 Bd6 7. 0-0 0-0 8. e4 dxe4 9. Nxe4 Nxe4 10. Bxe4 h6 11. b3 Re8 12. Bb2 Qe7 13. Re1 Ba3 14. Bxa3 Qxa3 15. Ne5 Rd8 16. Qh5 Qe7 17. Nxd7 Bxd7 18. Rad1 Be8 19. Bc2 Qf6 20. Qg4 Rd6 21. Qe4 g6 22. Qe5 Qe7 23. Qe3 Qf6 24. Qe5 Qe7 25. Qe3 1/2-1/2

[Event "Moscow op-B 04th"]
[Site "Moscow"]
[Date "2008.02.03"]
[Round "2"]
[White "Makushkin, Nikolay"]
[Black "Bolshakov, Dmitry"]
[Result "1/2-1/2"]
[WhiteElo "1950"]
[BlackElo "2252"]
[PlyCount "69"]
[EventDate "2008.02.02"]
[EventType "swiss"]
[EventRounds "9"]
[EventCountry "RUS"]
[SourceTitle "CBM 122 Extra"]
[Source "ChessBase"]
[SourceDate "2008.03.04"]
[SourceVersion "1"]
[SourceVersionDate "2008.03.04"]
[SourceQuality "1"]

1. e4 c6 2. d4 d5 3. e5 Bf5 4. Ne2 e6 5. Ng3 Bg6 6. h4 h6 7. h5 Bh7 8. Bd3 Bxd3 9. cxd3 Qb6 10. Be3 Qxb2 11. Nd2 Qb6 12. 0-0 Nd7 13. Qg4 Qa6 14. f4 Qxd3 15. Rf3 Ne7 16. Rb1 Nf5 17. Nxf5 exf5 18. Qh3 Nb6 19. Rb3 Qc2 20. Nf1 Qxa2 21. Rxb6 axb6 22. Qxf5 Qa3 23. Bf2 Qe7 24. Re3 b5 25. Qg4 Qb4 26. e6 f6 27. e7 Bxe7 28. Qxg7 Kd7 29. Ng3 Rae8 30. Kh2 Kc8 31. Nf5 Bd8 32. Be1 Qf8 33. Rxe8 Qxg7 34. Nxg7 Rxe8 35. Nxe8 1/2-1/2